000 00271nam a2200121 a 4500
008 101025s1989|||| d
100 1 _aMartin, Eduard
245 1 0 _aMilenci našich žen
260 _bSvoboda
_aPraha
_c1989
041 _aces
044 _aCZ
020 _c27
999 _c12179
_d12179